Fundamentos de inversión y financiación

Saved in:
書目詳細資料
主要作者: Arguedas Sanz, Raquel
企業作者: e-libro, Corp
其他作者: Pablo Redondo, Rosana de
格式: 電子書
語言:西班牙语
出版: Madrid : UNED, 2008.
主題:
在線閱讀:https://elibro.unach.elogim.com/es/lc/unach/titulos/48521
標簽: 添加標簽
沒有標簽, 成為第一個標記此記錄!

MARC

LEADER 00000nam a2200000 a 4500
001 ELB48521
003 FlNmELB
006 m o d |
007 cr cn|||||||||
008 201205r2008 sp |||||s|||||||||||spa d
020 |z 9788436255348 
035 |a (MiAaPQ)EBC3199071 
035 |a (Au-PeEL)EBL3199071 
035 |a (CaPaEBR)ebr10560174 
035 |a (OCoLC)929348254 
040 |a FlNmELB  |b spa  |c FlNmELB 
050 4 |a HG4015  |b A694 2008 
080 |a 658.15(07) 
082 0 4 |a 658.15  |2 22 
100 1 |a Arguedas Sanz, Raquel. 
245 1 0 |a Fundamentos de inversión y financiación  |h [recurso electronico] /  |c Raquel Arguedas Sanz, Rosana de Pablo Redondo. 
260 |a Madrid :  |b UNED,  |c 2008. 
300 |a 215 p. 
533 |a Recurso electrónico. Santa Fe, Arg.: e-libro, 2015. Disponible vía World Wide Web. El acceso puede estar limitado para las bibliotecas afiliadas a e-libro. 
650 4 |a Empresas  |x Finanzas  |v Problemas y ejercicios. 
650 4 |a Business enterprises  |x Finance  |v Problems, exercises, etc. 
655 4 |a Libros electrónicos. 
700 1 |a Pablo Redondo, Rosana de. 
710 2 |a e-libro, Corp. 
856 4 0 |u https://elibro.unach.elogim.com/es/lc/unach/titulos/48521